FC Porto Squad 2003-2004 - Statistics

General Stats
  • This quiz has been taken 28 times
  • The average score is 14 of 32
Answer Stats
# Position Nation Player % Correct
10 MF Portugal Deco
96%
99 GK Portugal Vítor Baía
96%
18 MF Portugal Maniche
83%
4 DF Portugal Ricardo Carvalho
83%
- Coach Portugal José Mourinho
79%
2 DF Portugal Jorge Costa
71%
77 FW South Africa Benni McCarthy
67%
6 MF Portugal Costinha
67%
22 DF Portugal Paulo Ferreira
63%
5 DF Portugal Ricardo Costa
58%
19 MF Brazil Carlos Alberto
54%
13 GK Portugal Nuno Espírito Santo
54%
1 GK Portugal Bruno Vale
50%
15 MF Russia Dmitriy Alenichev
50%
20 FW Portugal Marco Ferreira
50%
8 DF Portugal Nuno Valente
50%
11 FW Brazil Derlei
46%
17 DF Portugal José Bosingwa
38%
25 MF Portugal Ricardo Fernandes
29%
66 MF Portugal Tiago
29%
9 FW Lithuania Edgaras Jankauskas
25%
14 FW Portugal Sérgio Conceição
25%
29 FW Portugal Hugo Almeida
21%
30 DF Portugal Mário Silva
21%
23 MF Portugal Pedro Mendes
21%
7 DF Portugal Secretário
17%
21 FW Brazil Maciel
13%
3 DF Portugal Pedro Emanuel
13%
28 FW Brazil Bruno Moraes
8%
58 DF Brazil Evaldo
8%
39 MF Portugal André Vilas Boas
4%
16 FW Portugal César Peixoto
4%
No matching quizzes found
Score Distribution
Percent of People with Each Score
Percentile by Number Answered
Your Score History
You have not taken this quiz